| 000 | 01158cam a2200349 a 4500 | ||
|---|---|---|---|
| 001 | 2219 | ||
| 003 | FISKH | ||
| 005 | 20250120081358.0 | ||
| 008 | 110622s2010 nyua b 000 1 eng | ||
| 010 | _a 2011288599 | ||
| 020 | _a9780545242318 | ||
| 020 | _a9780545146043 | ||
| 040 |
_aDLC _cDLC _beng |
||
| 042 |
_alcac _apcc |
||
| 050 | 0 | 0 |
_aPZ7.B44985 _bSog 2010 |
| 082 | 0 | 0 |
_a813 _223 |
| 100 | 1 |
_aBergen, Lara, _d1955- |
|
| 245 | 1 | 0 |
_aSophie the Awesome / _cby Lara Bergen ; illustrated by Laura Tallardy. |
| 260 |
_aNew York : _bScholastic, _c2010. |
||
| 300 |
_a99 pages : _billustrations ; _c20 cm |
||
| 505 | _aG | ||
| 520 | _aThird-grader Sophie wants to be special, and she tries in every way that she can think of to stand out, until she rescues Ella from an oncoming car and becomes Sophie the Hero. | ||
| 521 | 8 |
_a410
_bLexile |
|
| 521 | 8 |
_aG
_bRaz-Plus |
|
| 650 | 1 |
_aNicknames _vFiction |
|
| 650 | 1 |
_aSelf-acceptance _vFiction. |
|
| 650 | 1 |
_aIndividuality _vFiction. |
|
| 650 | 1 |
_aSchools _vFiction. |
|
| 700 | 1 |
_aTallardy, Laura, _eillustrator |
|
| 906 |
_a7 _bcbc _corignew _d2 _encip _f20 _gy-gencatlg |
||
| 942 |
_2ddc _cBK _n0 |
||
| 999 |
_c2219 _d2219 |
||